000 00964cab a2200301 4500
001 ABS54803
008 090401t1996 xxu||||| |||| 00| 0 eng d
035 _a(Sirsi) u12324
041 _aeng
100 _aEngelsman, S.
245 2 _aA question of insurance
260 _c1996
350 _a0
490 _aMortgage Finance
_v12891561) April 1996, 36-38(2)
520 _aDiscusses the position of the third parties involved in claims for professional negligence against insolvent and uninsured surveyors, Refers to RICS PII requirements
650 _aInsolvency
_96247
650 _aINSURANCE ISSUES
650 _aNEGLIGENCE
650 _aPROFESSIONAL INDEMNITY INSURANCE
650 _aRICS
650 _aSURVEYORS
650 _aTHIRD PARTIES (RIGHTS AGAINST INSURERS) ACT 1930
650 _aTHIRD PARTIES
690 _aINSURANCE
_96249
690 _aMANAGEMENT-BUSINESS MANAGEMENT-PROFESSIONAL PRACTICE
942 _n0
948 _c04/03/1997
999 _c7883
_d7883